| 000 | 01193nam a22002897i 4500 | ||
|---|---|---|---|
| 003 | EG-ScBUE | ||
| 005 | 20231010112956.0 | ||
| 008 | 220731s1986 le f 000 0 ara d | ||
| 017 | _a1986 / 4 / 414 | ||
| 040 |
_aEG-ScBUE _bara _erda _cEG-ScBUE _dEG-ScBUE |
||
| 082 | 0 | 4 |
_222 _a909.04924 _bف و ر |
| 100 | 1 |
_aفورد، هنري، _d1863-1947، _eمؤلف. |
|
| 245 | 1 | 2 |
_aاليهودي العالمي : _bالمشكلة الأولى التي تواجه العالم / _cإعداد الصناعي الأمريكي الكبير هنري فورد ؛ تعريب خيري حماد. |
| 250 | _aالطبعة الأولى. | ||
| 264 | 1 |
_aبيروت : _bدار الآفاق الجديدة، _c1986. |
|
| 300 |
_a436 صفحة ؛ _c24 سم |
||
| 336 |
_2rdacontent _aنص _btxt |
||
| 337 |
_2rdamedia _aبدون وسيط _bn |
||
| 338 |
_2rdacarrier _aمجلد _bnc |
||
| 541 | _aBook from store. | ||
| 546 | _aالنص باللغة العربية وتم ترجمته من اللغة الإنجليزية. | ||
| 650 | 7 |
_aاليهود _xتاريخ. _2BUEsh |
|
| 653 |
_bGGEN _cNovember2022 |
||
| 655 | _vReading book | ||
| 700 | 1 |
_aحماد، خيري، _eمترجم. |
|
| 942 | _2ddc | ||
| 999 |
_c30003 _d29974 |
||